Library Banner

Maqalat i Ayubi = مقالات ایوب / (Record no. 128293)

MARC details
000 -LEADER
fixed length control field 00442nam a22001457a 4500
005 - DATE AND TIME OF LATEST TRANSACTION
control field 20220913105001.0
008 - FIXED-LENGTH DATA ELEMENTS--GENERAL INFORMATION
fixed length control field 220913b ||||| |||| 00| 0 eng d
040 ## - CATALOGING SOURCE
Transcribing agency PK-LaUMT
082 ## - DEWEY DECIMAL CLASSIFICATION NUMBER
Classification number APC 297.211
Item number AYU-M
100 ## - MAIN ENTRY--PERSONAL NAME
Personal name Ayub, Muhammad = ایوب، محمد
245 ## - TITLE STATEMENT
Title Maqalat i Ayubi = مقالات ایوب /
Statement of responsibility, etc by Muhammad Ayub = از محمد ایوب
260 ## - PUBLICATION, DISTRIBUTION, ETC. (IMPRINT)
Place of publication, distribution, etc Karachi :
Name of publisher, distributor, etc Maktabah Razi,
Date of publication, distribution, etc NA
300 ## - PHYSICAL DESCRIPTION
Extent 264 p.
942 ## - ADDED ENTRY ELEMENTS (KOHA)
Koha item type Books
Holdings
Withdrawn status Lost status Damaged status Home library Current library Date acquired Full call number Barcode Date last seen Price effective from Koha item type
      UMT Main Campus UMT Main Campus 2022-09-13 APC 297.211 AYU-M 143695 2022-09-13 2022-09-13 Books